Autonomía y autogobierno de la universidad y otros temas
Guardat en:
| Autor principal: | |
|---|---|
| Format: | Llibre |
| Idioma: | espanyol |
| Publicat: |
Zaragoza
Secretariado de Publicaciones. Universidad de Zaragoza
1980
|
| Matèries: | |
| Etiquetes: |
Afegir etiqueta
Sense etiquetes, Sigues el primer a etiquetar aquest registre!
|
MARC
| LEADER | 00000nam a2200000 a 4500 | ||
|---|---|---|---|
| 001 | UCV3356 | ||
| 003 | CL-VaPUC | ||
| 008 | 930601e19800000SP |||||||||||||||||spa|d | ||
| 082 | 0 | 4 | |a 342.46 |b MAR |2 21 |
| 100 | |a Martín-Retortillo Baquer, Lorenzo |e autor |9 450875 | ||
| 245 | 1 | 0 | |a Autonomía y autogobierno de la universidad y otros temas |
| 300 | |a 372 p | ||
| 942 | |c BK | ||
| 945 | |d 19930601 00:00:00 | ||
| 260 | |a Zaragoza |b Secretariado de Publicaciones. Universidad de Zaragoza |c 1980 | ||
| 650 | 0 | |a Derecho administrativo |9 254851 | |
| 650 | 0 | |a Autonomía universitaria |9 259003 | |
| 651 | 0 | |a España |9 254926 | |
| 583 | |a last modification |c 19930601 00:00:00 |k Rodrigo Vera | ||
| 999 | |c 210596 |d 210594 | ||
| 952 | |0 0 |1 0 |4 0 |6 342_460000000000000_MAR_1980 |7 0 |8 A |9 186951 |a BIBDER |b BIBDER |d 2019-11-14 |i 2546086 |o 342.46 MAR 1980 |p 2546086 |r 2023-01-25 |w 2019-11-14 |y BK |k DER | ||